Statistics for Countries that have Been at War with Mexico

Click here to take the quiz!

General Stats

  • This quiz has been taken 284 times
  • The average score is 18 of 33

Answer Stats

YearWarAnswer% Correct
1838First Franco-Mexican WarUnited States
100%
1810Mexican War of IndependenceSpain
98%
1838First Franco-Mexican WarFrance
96%
1937Spanish Civil WarGermany
93%
1861Second-Franco Mexican WarUnited Kingdom
90%
1937Spanish Civil WarItaly
89%
1942World War TwoJapan
89%
1948Mexico-Guatemala ConflictGuatemala
84%
1937Spanish Civil WarPortugal
79%
1962Nicaraguan RevolutionBrazil
75%
1962Nicaraguan RevolutionPanama
68%
1902Venezuelan CrisisVenezuela
68%
1902Venezuelan CrisisArgentina
66%
1962Nicaraguan RevolutionHonduras
66%
1973Nicaraguan RevolutionChile
61%
1942World War TwoHungary
60%
1942World War TwoBulgaria
58%
1942World War TwoRomania
57%
1861Second-Franco Mexican WarAustria
52%
1942World War TwoFinland
45%
1861Second-Franco Mexican WarBelgium
39%
1942World War TwoThailand
39%
1962Nicaraguan RevolutionParaguay
38%
1942World War TwoCroatia
34%
1835Texan RevolutionRepublic of Texas
30%
1962Nicaraguan RevolutionIsrael
29%
1942World War TwoSlovakia
24%
1962Nicaraguan RevolutionPhilippines
20%
1962Nicaraguan RevolutionPakistan
19%
1962Nicaraguan RevolutionSaudi Arabia
12%
1942World War TwoBurma
10%
1942World War TwoManchuria
9%
1962Nicaraguan RevolutionWest Germany
5%

Score Distribution

Percentile by Number Answered

Percent of People with Each Score

Your Score History

You have not taken this quiz